LEADER 00865nas a2200229 i 4500 001 000000171369 003 CaOOAMICUS 005 20190401132602.0 008 080428b2007 it uu u0 0mul r 013 $a148800 040 $aSeMil$bita 245 10$a2007 : [3]. 260 $aPisa ;$aRoma :$bFabrizio Serra,$c2007 (copyr. 2008) 300 $aP. [535]-797 ;$c25 cm. 773 0 $tIus Ecclesiae.$dRoma : Centro Accademico della Santa Croce, 1989.$x1120-6462$w()2385 774 0 $t[vedi periodico].$w()268639 850 $aSeMil 852 $aSeMil$W1$xVenegono$y1$m245 3 47$j122238$B122238$CSeMilBibl$Z2$F133753 $85 961 $aAbbonamento: Accademia Editoriale 996 $6245$a2007 : [3]$9(OLS)http://semarc/title/244734 996 $6260$aPisa ;$aRoma :$bFabrizio Serra$9(OLS)http://semarc/publisher/34314 LEADER 01315nam a2200301 i 4500 001 000000127589 003 CaOOAMICUS 005 20070524000000.0 008 070524s1998 it u000 u mul u 013 $a100301 020 $a88-222-4661-6 040 $aSeMil$bita 245 13$aUn quadro europeo per la bioetica? /$ca cura di Cosimo Marco Mazzoni. 260 $aFirenze :$bLeo S. Olschki,$c1998. 300 $aXIII, 286 p. ;$c24 cm. 490 0 $aFondazione Carlo Marchi. Quaderni ;$v2 500 $aFondo card. C.M. Martini. 650 4$aPersona - Genetica - Etica.$0(OLS)http://semarc/subject/17001 650 4$aFecondazione artificiale - Ricerche sperimentali - Aspetti giuridici - Europa.$0(OLS)http://semarc/subject/25078 700 1 $aMazzoni, Cosimo Marco,$d<1943-2019>.$0(OLS)http://semarc/name/53079 830 0$aFondazione Carlo Marchi. Quaderni ;$v2.$0(OLS)http://semarc/title/23631 850 $aSeMil 852 $aSeMil$W1$xVenegono$y1$m2E IV 351$j81869$B81869$CSeMilBibl$Z2$F124328 $81 941 1 $a4 961 $aOmaggio: Martini Card. Carlo Maria 996 $6020$a88-222-4661-6$9(OLS)http://semarc/number/114035 996 $6245$aUn quadro europeo per la bioetica?$9(OLS)http://semarc/title/188318 996 $6260$aFirenze :$bLeo S. Olschki$9(OLS)http://semarc/publisher/29957